000 01081nam a2200265Ia 4500
003 OSt
005 20220930094750.0
006 a|||||r|||| 00| 0
007 ta
008 220926b |||||||| |||| 00| 0 hin d
024 _a10782
037 _cTheses
040 _aCRL
_cCRL
_bhin
041 _2hin
_ahin
100 _aअमरजीत कौर, ले.
110 _aदिल्ली विश्वविद्यालय. कला संकाय. हिन्दी विभाग
245 0 _aनारी केन्द्रित उपन्यासों में नारी का स्वरूप एवं विकास
246 _aNārī kendrit upanyāsoan mean nārī kā svarūp evan vikāsa
260 _c2012
300 _a259पृ0
_ap.
_ccm.
650 _aहिन्दी साहित्य
700 _aदिल्ली विश्वविद्यालय. कला संकाय. हिन्दी विभाग
942 _cDIS
_2CC
999 _c887641
_d887641